000 00784nam a2200289Ia 4500
001 34006
003 IT-RoPAU
008 130308s9999 xx 000 0 und d
040 _aIT-RoPAU
040 _cIT-RoPAU
041 _aITALIANO
100 _aVlad Roman
100 _gCodice Aut. SPICS: 605
245 _aForme geometriche e forme organiche in Webern
245 _bComporre Arcano-Webern e Varese Poli della Musica moderna
250 _a1a ed.
260 _aPALERMO
260 _bSellerio
260 _c1985 [1° Ed.:1985 - Ed.Ling.Originale:1983]
300 _a"19 p. (prefazione: no ; testo: 19 [pagine: 95-113])"
650 _aAUTORI/OPERE DI MUSICA
650 _eCodice materia Spics: 7007
942 _cBK
957 _71
999 _c58743
_d58743
999 _bSI
999 _g1